[Event "GER-chT Online Liga 1 GpB"]
[Site "Playchess.com INT"]
[Date "2021.03.02"]
[Round "5.4"]
[White "Neuhoff, Laertes"]
[Black "Schwedek, Tony"]
[Result "1/2-1/2"]
[WhiteElo "1750"]
[BlackElo "1974"]
[PlyCount "56"]
[EventDate "2021.01.18"]
[EventType "team-tourn (rapid)"]
[EventRounds "7"]
[EventCountry "GER"]
[SourceTitle "EXT 2022"]
[Source "ChessBase"]
[SourceDate "2021.10.06"]
[SourceVersion "1"]
[SourceVersionDate "2021.10.06"]
[SourceQuality "1"]
[WhiteTeam "Leipzig SG"]
[BlackTeam "Spandau Zitadelle"]
[WhiteTeamCountry "GER"]
[BlackTeamCountry "GER"]

1. e4 c5 2. Nf3 e6 3. g3 d5 4. exd5 exd5 5. d4 Nc6 6. Bg2 Nf6 7. 0-0 Be7 8. dxc5 0-0 9. Be3 Ng4 10. Bd4 Nxd4 11. Nxd4 Bxc5 12. Nb3 Bb6 13. h3 Nf6 14. Nc3 Be6 15. Nd4 Qd7 16. Kh2 Rac8 17. Re1 Rc4 18. Nxe6 fxe6 19. Qe2 Ne4 20. Nxe4 Rxe4 21. Bxe4 Rxf2+ 22. Qxf2 Bxf2 23. Re2 Bxg3+ 24. Kxg3 dxe4 25. Rae1 Qc7+ 26. Kg2 Kf7 27. Rf2+ Ke7 28. Rxe4 Qa5 1/2-1/2

[Event "GER-chT Online Liga 1 GpB"]
[Site "Playchess.com INT"]
[Date "2021.02.02"]
[Round "2.4"]
[White "Helmer, Jan"]
[Black "Schwedek, Tony"]
[Result "1-0"]
[WhiteElo "2010"]
[BlackElo "1974"]
[PlyCount "131"]
[EventDate "2021.01.18"]
[EventType "team-tourn (rapid)"]
[EventRounds "7"]
[EventCountry "GER"]
[SourceTitle "EXT 2022"]
[Source "ChessBase"]
[SourceDate "2021.10.06"]
[SourceVersion "1"]
[SourceVersionDate "2021.10.06"]
[SourceQuality "1"]
[WhiteTeam "Hameln"]
[BlackTeam "Spandau Zitadelle"]
[WhiteTeamCountry "GER"]
[BlackTeamCountry "GER"]

1. Nf3 d5 2. g3 Nf6 3. Bg2 e6 4. 0-0 c5 5. b3 Nc6 6. Bb2 Be7 7. d3 0-0 8. Nbd2 Qc7 9. e4 dxe4 10. Nxe4 Nxe4 11. dxe4 Rd8 12. Qe2 b6 13. Rad1 Bb7 14. Rxd8+ Rxd8 15. Rd1 Rxd1+ 16. Qxd1 Qd8 17. Qxd8+ Bxd8 18. Ne1 Bc7 19. e5 Kf8 20. f4 Ke7 21. Kf2 Nd8 22. Bxb7 Nxb7 23. Nf3 h6 24. Ke3 Kd7 25. c4 a6 26. Nd2 Na5 27. Bc3 Nc6 28. a3 Ne7 29. g4 Nc6 30. Nf3 b5 31. h4 Ba5 32. Kd3 Bxc3 33. Kxc3 Ne7 34. h5 Kc6 35. Nd2 a5 36. Ne4 Nc8 37. Kd3 a4 38. cxb5+ Kxb5 39. bxa4+ Kxa4 40. Nxc5+ Kxa3 41. Nb7 Ne7 42. Nd8 f5 43. Nxe6 fxg4 44. Nxg7 Kb4 45. Ke4 Kc5 46. f5 g3 47. Ne6+ Kc6 48. Nf4 Kd7 49. Ng2 Nc6 50. Kf4 Ke7 51. Ne3 Kf7 52. e6+ Kf6 53. Ng4+ Kg7 54. f6+ Kf8 55. Kxg3 Nd4 56. e7+ Ke8 57. Nxh6 Nc6 58. Nf5 Ne5 59. Nd6+ Kd7 60. e8Q+ Kxd6 61. Qxe5+ Kxe5 62. f7 Kf5 63. f8Q+ Kg5 64. h6 Kg6 65. Kg4 Kh7 66. Qg7# 1-0

[Event "Oberliga Nord O 1920"]
[Site "Germany"]
[Date "2020.01.19"]
[Round "5.3"]
[White "Van Bentum, Horst"]
[Black "Schwedek, Tony"]
[Result "1/2-1/2"]
[WhiteElo "2072"]
[BlackElo "1971"]
[PlyCount "27"]
[EventDate "2019.09.29"]
[EventType "team-tourn"]
[EventRounds "9"]
[EventCountry "GER"]
[SourceTitle "CBM 195 Extra"]
[Source "ChessBase"]
[SourceDate "2020.05.31"]
[SourceVersion "1"]
[SourceVersionDate "2020.05.31"]
[SourceQuality "1"]

1. e4 e5 2. Nf3 Nc6 3. Bc4 Nf6 4. d3 Be7 5. c3 0-0 6. 0-0 d6 7. a4 h6 8. Re1 Bg4 9. Nbd2 Qd7 10. Nf1 Be6 11. Bxe6 Qxe6 12. Ng3 Rfe8 13. d4 Qd7 14. d5 1/2-1/2

[Event "Berlin Lieb Memorial 5th"]
[Site "Berlin"]
[Date "2019.05.24"]
[Round "4"]
[White "Tedesco, Gennaro"]
[Black "Schwedek, Tony"]
[Result "0-1"]
[WhiteElo "1660"]
[BlackElo "1963"]
[PlyCount "152"]
[EventDate "2019.05.03"]
[EventType "swiss"]
[EventRounds "7"]
[EventCountry "GER"]
[SourceTitle "EXT 2020"]
[Source "ChessBase"]
[SourceDate "2019.10.17"]
[SourceVersion "1"]
[SourceVersionDate "2019.10.17"]
[SourceQuality "1"]

1. d4 Nf6 2. Nf3 c5 3. d5 b5 4. Bg5 Qb6 5. c3 Bb7 6. Bxf6 Qxf6 7. e4 Qb6 8. Bd3 g6 9. Nbd2 Bg7 10. 0-0 0-0 11. Rb1 c4 12. Bc2 e6 13. dxe6 dxe6 14. Qe2 Nd7 15. Rfd1 Rfd8 16. Nf1 Nc5 17. Ng3 Rxd1+ 18. Rxd1 Rd8 19. h3 Rd6 20. Rxd6 Qxd6 21. Qd2 Qxd2 22. Nxd2 Bh6 23. Nf3 a6 24. Kf1 f6 25. Ke2 Kf7 26. Nd2 Ke7 27. f3 Bf4 28. Ngf1 h5 29. g3 Bc7 30. h4 g5 31. b3 cxb3 32. axb3 Be5 33. c4 b4 34. Ke3 a5 35. f4 gxf4+ 36. gxf4 Bb2 37. Ng3 Bc1 38. Kd4 Bxd2 39. Kxc5 Bxf4 40. Nxh5 Bc7 41. Kd4 Bc6 42. Ke3 Bb6+ 43. Kf4 Kf7 44. Kg4 Bxe4 45. Bxe4 f5+ 46. Kf4 fxe4 47. Kxe4 Bf2 48. Nf4 Bxh4 49. Nd3 Bg3 50. Nc5 Ke7 51. Ke3 Bc7 52. Ne4 Kd7 53. Kd4 Kc6 54. Nd2 Bd6 55. Ne4 Bf4 56. Nf2 Bg3 57. Ne4 Be1 58. Kd3 e5 59. Nf6 Bh4 60. Ne4 Be7 61. Nd2 Kd6 62. Ke4 Bg5 63. Nf3 Bf4 64. Ne1 Bd2 65. Nd3 Bc3 66. Nc1 Bb2 67. Nd3 Bd4 68. Nc1 Bc3 69. Nd3 a4 70. bxa4 b3 71. c5+ Kc6 72. a5 b2 73. Nxb2 Bxb2 74. a6 Bd4 75. a7 Kb7 76. c6+ Kxa7 0-1

[Event "Berlin Lieb Memorial 5th"]
[Site "Berlin"]
[Date "2019.05.03"]
[Round "1"]
[White "Bede, Maxime"]
[Black "Schwedek, Tony"]
[Result "0-1"]
[WhiteElo "1528"]
[BlackElo "1963"]
[PlyCount "60"]
[EventDate "2019.05.03"]
[EventType "swiss"]
[EventRounds "7"]
[EventCountry "GER"]
[SourceTitle "EXT 2020"]
[Source "ChessBase"]
[SourceDate "2019.10.17"]
[SourceVersion "1"]
[SourceVersionDate "2019.10.17"]
[SourceQuality "1"]

1. e4 e5 2. Nf3 Nc6 3. Bc4 Nf6 4. d3 Be7 5. Nc3 d6 6. h3 h6 7. Be3 Na5 8. Bb3 Nxb3 9. axb3 b6 10. 0-0 0-0 11. Nh4 Nxe4 12. dxe4 Bxh4 13. Qd5 Be6 14. Qb7 a5 15. Nb5 Rc8 16. b4 Bc4 17. Rfd1 Bxb5 18. bxa5 Rb8 19. Qd5 bxa5 20. Ba7 Ra8 21. Qxb5 Rxa7 22. Rxa5 Rxa5 23. Qxa5 Qb8 24. b4 Qb7 25. Rd5 Ra8 26. Qb5 Qxb5 27. Rxb5 Ra1+ 28. Kh2 Bxf2 29. Rb7 Bb6 30. c4 Rc1 0-1

[Event "Wroclaw op"]
[Site "Wroclaw"]
[Date "2018.08.03"]
[Round "8"]
[White "Schwedek, Tony"]
[Black "Luberanski, Jakub"]
[Result "1/2-1/2"]
[WhiteElo "1940"]
[BlackElo "1762"]
[PlyCount "66"]
[EventDate "2018.07.30"]
[EventType "swiss"]
[EventRounds "9"]
[EventCountry "POL"]
[SourceTitle "CBM 185 Extra"]
[Source "ChessBase"]
[SourceDate "2018.07.29"]
[SourceVersion "1"]
[SourceVersionDate "2018.07.29"]
[SourceQuality "1"]

1. d4 Nf6 2. c4 g6 3. Nc3 Bg7 4. e4 d6 5. Nf3 0-0 6. Be2 e5 7. 0-0 Nbd7 8. Be3 Re8 9. d5 Nc5 10. Nd2 a5 11. b3 Bd7 12. a3 Qe7 13. b4 axb4 14. axb4 Na6 15. Rb1 Rec8 16. Na4 Ne8 17. b5 Nc5 18. Nxc5 dxc5 19. b6 f5 20. f3 f4 21. Bf2 Ra6 22. bxc7 b6 23. Ra1 Nxc7 24. Rxa6 Nxa6 25. Qa1 Ra8 26. Qb2 Nb4 27. Ra1 Qd8 28. Nb3 Qb8 29. Nc1 Rxa1 30. Qxa1 Nc2 31. Qa6 Nb4 32. Qa1 Nc2 33. Qa6 Nb4 1/2-1/2

[Event "Wroclaw op"]
[Site "Wroclaw"]
[Date "2017.08.14"]
[Round "8"]
[White "Kucza, Karol"]
[Black "Schwedek, Tony"]
[Result "1-0"]
[WhiteElo "2320"]
[BlackElo "1920"]
[PlyCount "71"]
[EventDate "2017.08.10"]
[EventType "swiss"]
[EventRounds "9"]
[EventCountry "POL"]
[SourceTitle "CBM 180 Extra"]
[Source "ChessBase"]
[SourceDate "2017.10.06"]
[SourceVersion "1"]
[SourceVersionDate "2017.10.06"]
[SourceQuality "1"]

1. e4 e5 2. Nf3 Nc6 3. Bb5 a6 4. Ba4 Nf6 5. 0-0 Be7 6. Re1 b5 7. Bb3 d6 8. c3 0-0 9. h3 Nb8 10. d4 Nbd7 11. Nbd2 Bb7 12. Bc2 Re8 13. a4 Bf8 14. b4 d5 15. dxe5 Nxe5 16. Nxe5 Rxe5 17. f4 Re8 18. e5 Nd7 19. Nf3 g6 20. f5 c5 21. e6 Nf6 22. exf7+ Kxf7 23. Ng5+ Kg7 24. Ne6+ Rxe6 25. fxe6 d4 26. cxd4 cxd4 27. Bb2 Bxb4 28. Qxd4 Qxd4+ 29. Bxd4 Bxe1 30. Rxe1 Rd8 31. Ba1 Bc6 32. e7 Rd6 33. e8Q Bxe8 34. Rxe8 bxa4 35. Bxa4 Kf7 36. Re1 1-0

[Event "Berlin Werner Ott op"]
[Site "Berlin"]
[Date "2017.07.21"]
[Round "7"]
[White "Burchardt, Brigitte"]
[Black "Schwedek, Tony"]
[Result "1-0"]
[WhiteElo "2194"]
[BlackElo "1940"]
[PlyCount "65"]
[EventDate "2017.07.15"]
[EventType "swiss"]
[EventRounds "9"]
[EventCountry "GER"]
[SourceTitle "EXT 2019"]
[Source "ChessBase"]
[SourceDate "2018.10.10"]
[SourceVersion "1"]
[SourceVersionDate "2018.10.10"]
[SourceQuality "1"]

1. e4 c5 2. Nc3 a6 3. g3 b5 4. Bg2 Bb7 5. d3 e6 6. Nf3 d6 7. 0-0 Nf6 8. h3 Nbd7 9. Qe2 Be7 10. Nh2 b4 11. Nd1 0-0 12. f4 Qc7 13. Nf2 Rfc8 14. g4 d5 15. g5 Ne8 16. exd5 e5 17. Nhg4 Bd6 18. Ne4 Bf8 19. Ng3 exf4 20. Bxf4 Bd6 21. Bxd6 Nxd6 22. Qf2 Nb6 23. Nf5 Nxf5 24. Qxf5 Qd7 25. Qxd7 Nxd7 26. c4 bxc3 27. bxc3 c4 28. Rab1 Rab8 29. dxc4 Rxc4 30. Rfe1 Kf8 31. Ne5 Nxe5 32. Rxe5 Rcc8 33. c4 1-0

[Event "Berlin Werner Ott op"]
[Site "Berlin"]
[Date "2017.07.16"]
[Round "2"]
[White "Schwedek, Tony"]
[Black "Polatel, Ali"]
[Result "0-1"]
[WhiteElo "1940"]
[BlackElo "2211"]
[PlyCount "160"]
[EventDate "2017.07.15"]
[EventType "swiss"]
[EventRounds "9"]
[EventCountry "GER"]
[SourceTitle "EXT 2019"]
[Source "ChessBase"]
[SourceDate "2018.10.10"]
[SourceVersion "1"]
[SourceVersionDate "2018.10.10"]
[SourceQuality "1"]

1. c4 c6 2. g3 d5 3. Nf3 Nf6 4. Bg2 g6 5. b3 Bg7 6. Bb2 0-0 7. 0-0 a5 8. d3 Bg4 9. Nbd2 a4 10. h3 Bxf3 11. Nxf3 a3 12. Bc3 Na6 13. Rc1 e6 14. Qc2 Qe7 15. e4 dxe4 16. dxe4 Rfd8 17. Rfd1 Rxd1+ 18. Rxd1 Rd8 19. Rxd8+ Qxd8 20. b4 Ne8 21. e5 Bf8 22. c5 Nec7 23. Bf1 Nd5 24. Bxa6 bxa6 25. Nd4 Nxc3 26. Qxc3 Qd5 27. Nb3 Qd1+ 28. Kg2 Qe2 29. Nd2 Bh6 30. Nc4 Qe4+ 31. Kg1 Qb1+ 32. Kg2 Qe4+ 33. Kg1 Qb1+ 34. Kg2 Qxa2 35. Nxa3 Bd2 36. Qd3 Qd5+ 37. Qxd5 exd5 38. Nc2 Bc3 39. Kf1 Bxe5 40. Ke2 f5 41. Kd3 Kf7 42. f4 Bb2 43. Ne3 Ke6 44. Nc2 h6 45. h4 Bf6 46. Ke3 h5 47. Kd3 Kd7 48. Ne1 Bd8 49. Nf3 Bc7 50. Kd4 Ke6 51. Ng5+ Ke7 52. Nf3 Kf6 53. Ke3 a5 54. bxa5 Bxa5 55. Ne5 Bb4 56. Nd3 Bc3 57. Kf3 Ke6 58. Ke2 Bd4 59. Kf3 Kd7 60. Ke2 Kc7 61. Kf3 Kb7 62. Ke2 Ka6 63. Ne5 Bxe5 64. fxe5 Kb7 65. Ke3 Kc7 66. Kd3 Kd7 67. Ke3 Ke6 68. Kd4 g5 69. hxg5 f4 70. gxf4 Kf5 71. Ke3 h4 72. Kf3 d4 73. e6 Kxe6 74. Kg4 d3 75. f5+ Kf7 76. Kh5 d2 77. Kh6 d1Q 78. g6+ Kf6 79. g7 Qg4 80. g8Q Qxg8 0-1

[Event "Berlin Lieb Memorial 3rd"]
[Site "Berlin"]
[Date "2017.06.29"]
[Round "6"]
[White "Doering, Martin"]
[Black "Schwedek, Tony"]
[Result "0-1"]
[WhiteElo "1758"]
[BlackElo "1940"]
[PlyCount "84"]
[EventDate "2017.05.11"]
[EventType "swiss"]
[EventRounds "7"]
[EventCountry "GER"]
[SourceTitle "CBM 189 Extra"]
[Source "ChessBase"]
[SourceDate "2019.06.03"]
[SourceVersion "1"]
[SourceVersionDate "2019.06.03"]
[SourceQuality "1"]

1. d4 Nf6 2. Bf4 g6 3. Nc3 d5 4. e3 c6 5. Be2 Bg7 6. h3 0-0 7. h4 Nbd7 8. h5 Re8 9. hxg6 fxg6 10. Qd2 e5 11. Bg5 exd4 12. exd4 b5 13. f3 a5 14. 0-0-0 Ba6 15. Nb1 Nb6 16. b3 b4 17. Bxa6 Rxa6 18. Nh3 Qd6 19. Bf4 Qf8 20. Ng5 Ra7 21. Be5 Nbd7 22. f4 a4 23. Qf2 Ng4 24. Qg3 h5 25. Qd3 Ndxe5 26. fxe5 Qf4+ 27. Qd2 Qxd2+ 28. Nxd2 Nf2 29. Ndf3 Nxh1 30. Kd2 Ng3 31. Kd3 Bh6 32. Re1 Bxg5 33. Nxg5 axb3 34. axb3 Rea8 35. e6 Ra1 36. Rxa1 Rxa1 37. Kd2 Kf8 38. c3 bxc3+ 39. Kxc3 Ne4+ 40. Nxe4 dxe4 41. b4 Ke7 42. b5 cxb5 0-1

[Event "Berlin Lieb Memorial 2nd"]
[Site "Berlin"]
[Date "2016.06.16"]
[Round "5"]
[White "Schwedek, Tony"]
[Black "Prix, Siegfried"]
[Result "1/2-1/2"]
[WhiteElo "1941"]
[BlackElo "1729"]
[PlyCount "47"]
[EventDate "2016.05.19"]
[EventType "swiss"]
[EventRounds "7"]
[EventCountry "GER"]
[SourceTitle "EXT 2022"]
[Source "ChessBase"]
[SourceDate "2021.10.06"]
[SourceVersion "1"]
[SourceVersionDate "2021.10.06"]
[SourceQuality "1"]

1. d4 d5 2. c4 c6 3. Nf3 Nf6 4. Nc3 dxc4 5. a4 Bf5 6. e3 e6 7. Bxc4 Bb4 8. 0-0 0-0 9. Qe2 Ne4 10. Nxe4 Bxe4 11. Rd1 Qe7 12. Ne5 c5 13. f3 Bg6 14. Nxg6 hxg6 15. d5 exd5 16. Bxd5 Na6 17. e4 Rad8 18. Bf4 Nc7 19. Bc4 Ne6 20. Bxe6 Qxe6 21. Rxd8 Rxd8 22. Rd1 Rd7 23. Be3 a6 24. Kf1 1/2-1/2

[Event "Berlin Eckbauer op 17th"]
[Site "Berlin"]
[Date "2014.11.10"]
[Round "5"]
[White "Strick, Gregor"]
[Black "Schwedek, Tony"]
[Result "1/2-1/2"]
[WhiteElo "1848"]
[BlackElo "1941"]
[PlyCount "75"]
[EventDate "2014.10.06"]
[EventType "swiss"]
[EventRounds "7"]
[EventCountry "GER"]
[SourceTitle "EXT 2022"]
[Source "ChessBase"]
[SourceDate "2021.10.06"]
[SourceVersion "1"]
[SourceVersionDate "2021.10.06"]
[SourceQuality "1"]

1. c4 e5 2. g3 Nf6 3. Bg2 d5 4. cxd5 Nxd5 5. Nf3 Nc6 6. 0-0 Be7 7. d4 exd4 8. Nxd4 Nxd4 9. Qxd4 Nf6 10. Qa4+ c6 11. Rd1 Qb6 12. Be3 Bc5 13. Bxc5 Qxc5 14. Nc3 0-0 15. Rac1 Qh5 16. Qf4 Bh3 17. Bxh3 Qxh3 18. f3 Rad8 19. Qc7 Qc8 20. Qxc8 Rxd1+ 21. Rxd1 Rxc8 22. e4 Kf8 23. Kf2 Ke7 24. Ke3 Nd7 25. f4 f6 26. g4 g5 27. h4 gxf4+ 28. Kxf4 Ke6 29. Ne2 c5 30. Ng3 Ne5 31. Nf5 Rc6 32. Rd8 Ng6+ 33. Ke3 Rc7 34. Rd6+ Kf7 35. Nh6+ Ke7 36. Nf5+ Kf7 37. Nh6+ Ke7 38. Nf5+ 1/2-1/2

[Event "Berlin Spring op-A"]
[Site "Berlin"]
[Date "2014.05.02"]
[Round "4"]
[White "Bolk, Matthias"]
[Black "Schwedek, Tony"]
[Result "0-1"]
[WhiteElo "2085"]
[BlackElo "1917"]
[PlyCount "54"]
[EventDate "2014.05.01"]
[EventType "swiss"]
[EventRounds "7"]
[EventCountry "GER"]
[SourceTitle "CBM 160 Extra"]
[Source "ChessBase"]
[SourceDate "2014.07.01"]
[SourceVersion "1"]
[SourceVersionDate "2014.07.01"]
[SourceQuality "1"]

1. e4 c5 2. Nc3 d6 3. f4 Nc6 4. Nf3 g6 5. Bc4 Bg7 6. d3 e6 7. 0-0 Nge7 8. Qe1 0-0 9. f5 gxf5 10. Qh4 fxe4 11. dxe4 Ng6 12. Qh5 Nce5 13. Nxe5 Nxe5 14. Be2 a6 15. Bh6 Qe7 16. Rad1 Bd7 17. Rf4 Ng6 18. Rg4 Bc6 19. Rd3 f5 20. exf5 Rxf5 21. Bg5 Qf7 22. Rxd6 Rf8 23. Rd1 Bd4+ 24. Rgxd4 cxd4 25. Nb1 Rxg5 26. Qxg5 Qf2+ 27. Kh1 Qxe2 0-1

[Event "Berlin Spring op-A"]
[Site "Berlin"]
[Date "2014.05.01"]
[Round "2"]
[White "Brustkern, Juergen"]
[Black "Schwedek, Tony"]
[Result "1-0"]
[WhiteElo "2250"]
[BlackElo "1917"]
[PlyCount "49"]
[EventDate "2014.05.01"]
[EventType "swiss"]
[EventRounds "7"]
[EventCountry "GER"]
[SourceTitle "CBM 160 Extra"]
[Source "ChessBase"]
[SourceDate "2014.07.01"]
[SourceVersion "1"]
[SourceVersionDate "2014.07.01"]
[SourceQuality "1"]

1. c4 e5 2. Nc3 Nf6 3. e3 d5 4. cxd5 Nxd5 5. Nf3 Nc6 6. Bb5 Qd6 7. d4 exd4 8. exd4 Bd7 9. 0-0 Be7 10. Re1 Nxc3 11. bxc3 0-0 12. a4 Rfe8 13. d5 Nb8 14. Ra2 c6 15. Ba3 Qf6 16. dxc6 bxc6 17. Rae2 Be6 18. Bxe7 Qxc3 19. Re3 Qa5 20. Qd6 cxb5 21. Rxe6 fxe6 22. Qxe6+ Kh8 23. Ng5 Qxe1+ 24. Qxe1 Nc6 25. Qe4 1-0